संशोधनाची क्षेत्रे आणि पद्धती / (Record no. 53675)
[ view plain ]
| 000 -LEADER | |
|---|---|
| fixed length control field | 01127nam a22002417a 4500 |
| 005 - DATE AND TIME OF LATEST TRANSACTION | |
| control field | 20110708111942.0 |
| 008 - FIXED-LENGTH DATA ELEMENTS--GENERAL INFORMATION | |
| fixed length control field | 110708t xxu||||| |||| 00| 0 mar d |
| 010 ## - LCCN (DPL NO) | |
| LC control number | MAR-21049 |
| 020 ## - INTERNATIONAL STANDARD BOOK NUMBER | |
| International Standard Book Number | 97889380617121 |
| Terms of availability | 260.00 |
| 035 ## - SYSTEM CONTROL NUMBER | |
| System control number | MR-13707 |
| 037 ## - SOURCE OF ACQUISITION | |
| Source of stock number/acquisition | DBAD/PUB |
| 040 ## - CATALOGING SOURCE | |
| Original cataloging agency | DPL |
| Language of cataloging | MR |
| 082 ## - DEWEY DECIMAL CLASSIFICATION NUMBER | |
| Classification number | 491.4609 |
| 100 ## - MAIN ENTRY--PERSONAL NAME | |
| Personal name | पाटणकर,जयश्री |
| 9 (RLIN) | 29276 |
| 245 ## - TITLE STATEMENT | |
| Title | संशोधनाची क्षेत्रे आणि पद्धती / |
| Statement of responsibility, etc | जयश्री पाटणकर |
| 246 ## - VARYING FORM OF TITLE | |
| Title proper/short title | Sanshodhanachi Khetre Ani Paddhati |
| Remainder of title | by Jayshree Patankar |
| 260 ## - PUBLICATION, DISTRIBUTION, ETC. (IMPRINT) | |
| Place of publication, distribution, etc | श्रीरामपुर |
| Name of publisher, distributor, etc | शब्दालय प्रकाशन |
| Date of publication, distribution, etc | 2010 |
| 270 ## - ADDRESS | |
| Address | पोस्ट बॉक्स नं.90,वॉर्ड 7, |
| City | श्रीरामपुर |
| Postal code | 413709 |
| 300 ## - PHYSICAL DESCRIPTION | |
| Extent | 256पृ. |
| Dimensions | 22सेमी(अजिल्द) |
| 700 ## - ADDED ENTRY--PERSONAL NAME | |
| 9 (RLIN) | 29298 |
| 942 ## - ADDED ENTRY ELEMENTS (KOHA) | |
| Source of classification or shelving scheme | Dewey Decimal Classification |
| Item type | Marathi Books |
| Call number suffix | पाटण |
| Classification part | 491.4609 |
| Withdrawn status | Lost status | Source of classification or shelving scheme | Damaged status | Not for loan | Collection code | Home library | Current library | Date acquired | Source of acquisition | Cost, normal purchase price | Total Checkouts | Full call number | Barcode | Date last seen | Copy number | Cost, replacement price | Koha item type |
|---|---|---|---|---|---|---|---|---|---|---|---|---|---|---|---|---|---|
| Dewey Decimal Classification | Not For Loan | Non-fiction | D.B.Act.Division | D.B.Act.Division | 08/07/2011 | DBAD / PUB | 260.00 | 491.4609 पाटण | MR-13707 | 08/07/2011 | 1 | 260.00 | Marathi Books |
